000 01033nam a22003137a 4500
003 CHAP
005 20220817040946.0
008 971013s1990 r 00010 d
010 _a3459
011 _a4431
035 _a3634
040 _cCHAP
082 _a338.763
_bI55
110 _aInstituto Interamericano de Cooperación para la Agricultura
245 _aPolicies for agroindustrial development in Latin America and the Caribbean
260 _aSan José, C. R. :
_bThe Institute,
_c1990
300 _a307 p
500 _aD50-27
590 _aBATCH-UPD
_b10
_c20130110
_lUCH01
_h1924
590 _aBATCH-UPD
_b10
_c20130410
_lUCH01
_h1249
590 _aBATCH-UPD
_b10
_c20130914
_lUCH01
_h1636
590 _aCONVERSION
_b10
_c20130109
_lUCH01
_h1303
650 1 4 _aCaribe
_xIndustrias agrícolas.
_918963
650 1 4 _aIndustrias agrícolas.
_957925
650 1 4 _aIndustrias agrícolas
_xAmérica Latina.
_957927
901 _aBK
942 _cLIBRO
949 _a338.763 I55
_bBC
_cLIBRO
_d33724000419958
_eLIBRO
_h79562
_i3634
_mD
_si
999 _c3459
_d3459